00918nam a2200205 i 450000100060000000300090000600500170001500700030003200800410003510000210007624501110009726000310020830000360023949000430027550502640031865000330058270000300061583000430064585200240068838650ES-MaACL20250822041624.0t|030226s1966 sp ||||1| spa d1 aBurtt, Harold E.10aPsicología práctica / cH.E. Burtt ; [versión española y adaptación de Gonzalo Golzalvo Mainar]. aMadrid : bMorata, c1966. a3 v. : blám., il. ; c22 cm.1 aFilosofía, psicología, pedagogía0 aI. Psicología escolar: orientación vocacional: técnicas y tests (225 p.) - II. Psicología clínica y criminal: personalidad y delincuencia: técnicas y tests (225 p.) - III. Psicología industrial: comercio y publicidad: técnicas y tests (317 p.)07aPsicología aplicada2embne1 aGolzalvo Mainar, Gonzalo.10aFilosofía, psicología, pedagogía aES-MaACLjE-4155-57